[Event "Oberliga Bayern 2122"]
[Site "Bayern"]
[Date "2022.05.08"]
[Round "8.8"]
[White "Szabo, Pal"]
[Black "Krueger, Aurelian"]
[Result "0-1"]
[WhiteElo "1729"]
[BlackElo "1834"]
[PlyCount "104"]
[EventDate "2021.10.24"]
[EventType "team-tourn"]
[EventRounds "9"]
[EventCountry "GER"]
[SourceTitle "EXT 2024"]
[Source "ChessBase"]
[SourceDate "2023.10.10"]
[SourceVersion "1"]
[SourceVersionDate "2023.10.10"]
[SourceQuality "1"]
[WhiteTeam "Weilheim"]
[BlackTeam "Groebenzell"]
[WhiteTeamCountry "GER"]
[BlackTeamCountry "GER"]

1. Nf3 Nf6 2. g3 g6 3. Bg2 Bg7 4. 0-0 0-0 5. d4 d6 6. Re1 Nbd7 7. e4 e5 8. dxe5 dxe5 9. c4 c6 10. Nc3 Qc7 11. b3 Rd8 12. Ba3 Nf8 13. Qc2 Bg4 14. h3 Bxf3 15. Bxf3 Ne6 16. Ne2 Rd7 17. Rad1 Rad8 18. Rxd7 Qxd7 19. Bc1 Bf8 20. Be3 Bb4 21. Ra1 Bc5 22. Bxc5 Nxc5 23. b4 Qd3 24. Qxd3 Rxd3 25. bxc5 Rxf3 26. Rb1 Ra3 27. Rxb7 Nxe4 28. Rc7 Rxa2 29. Rxc6 Rxe2 30. Rc8+ Kg7 31. c6 Rc2 32. Re8 Rxc4 33. Rxe5 Nf6 34. Ra5 Rxc6 35. Rxa7 Rc2 36. Ra4 h5 37. Rd4 Re2 38. Kf1 Re4 39. Rd6 Nh7 40. Rd5 f5 41. Rd7+ Kh6 42. Rd6 h4 43. Rd2 Nf6 44. Rd6 Nh5 45. Rd3 hxg3 46. fxg3 f4 47. gxf4 Nxf4 48. Rf3 g5 49. Kf2 Re2+ 50. Kg1 Kh5 51. Rg3 Rd2 52. Rg4 Nxh3+ 0-1

[Event "GER-ch U10"]
[Site "Willingen"]
[Date "2018.05.21"]
[Round "4"]
[White "Krueger, Aurelian"]
[Black "Strehse, Nelson"]
[Result "1/2-1/2"]
[WhiteElo "1623"]
[BlackElo "1486"]
[PlyCount "74"]
[EventDate "2018.05.19"]
[EventType "swiss"]
[EventRounds "11"]
[EventCountry "GER"]
[SourceTitle "CBM 184 Extra"]
[Source "ChessBase"]
[SourceDate "2018.06.28"]
[SourceVersion "1"]
[SourceVersionDate "2018.06.28"]
[SourceQuality "1"]

1. d4 d5 2. Bf4 Nf6 3. e3 e6 4. c3 Bd6 5. Bg3 0-0 6. Bd3 b6 7. Nf3 Bb7 8. Bxd6 Qxd6 9. 0-0 Nbd7 10. Nbd2 c5 11. Qe2 Rac8 12. Rac1 Rfe8 13. Rfd1 Qe7 14. Bb5 Bc6 15. Bxc6 Rxc6 16. Ne1 Rec8 17. f4 Ne8 18. Ndf3 Nd6 19. Nd3 f6 20. Rc2 Ne4 21. Nf2 Nxf2 22. Kxf2 c4 23. e4 Re8 24. Re1 Kf7 25. Kg1 Rc7 26. Qe3 Nb8 27. Rce2 Rd7 28. Qf2 Nc6 29. e5 fxe5 30. fxe5 Kg8 31. Qg3 Nd8 32. Rf1 Rf8 33. Ref2 Qe8 34. Ng5 Rxf2 35. Rxf2 Nf7 36. Nh3 Nh6 37. Nf4 Rf7 1/2-1/2

[Event "GER-ch U10"]
[Site "Willingen"]
[Date "2017.06.09"]
[Round "9"]
[White "Krueger, Aurelian"]
[Black "Haenselmann, Hendrik"]
[Result "0-1"]
[WhiteElo "1508"]
[BlackElo "1320"]
[PlyCount "64"]
[EventDate "2017.06.04"]
[EventType "swiss"]
[EventRounds "11"]
[EventCountry "GER"]
[SourceTitle "CBM 178 Extra"]
[Source "ChessBase"]
[SourceDate "2017.06.22"]
[SourceVersion "1"]
[SourceVersionDate "2017.06.22"]
[SourceQuality "1"]

1. e4 c5 2. d4 cxd4 3. c3 dxc3 4. Nxc3 Nc6 5. Nf3 d6 6. Bc4 a6 7. 0-0 Nf6 8. Qe2 Bg4 9. Rd1 e6 10. Bf4 Qa5 11. Bxd6 Bxd6 12. Rxd6 Ne5 13. Bb3 Bxf3 14. gxf3 Ng6 15. Qe3 Qe5 16. Ba4+ b5 17. Rxa6 Rb8 18. Nxb5 0-0 19. Qc3 Rxb5 20. Bxb5 Qxb5 21. Ra5 Qb8 22. e5 Nd5 23. Qd2 Nxe5 24. Kg2 Nc4 25. Qe1 Nxa5 26. Qxa5 Qxb2 27. Re1 h6 28. a4 Qb7 29. Qd2 Ra8 30. Ra1 Qb4 31. Qa2 Qh4 32. Rc1 Nf4+ 0-1